[Event "4NCL/Div3/BRI3 vs. OXF3"]
[Site "Wokefield Park ENG"]
[Date "2010.05.01"]
[Round "9.4"]
[White "Langham, Rod E"]
[Black "Woodruff, David G"]
[Result "1/2-1/2"]
[WhiteElo "1786"]
[BlackElo "1666"]
[PlyCount "110"]
[EventDate "2010.05.01"]
[SourceDate "2009.10.24"]

1. d4 Nf6 2. Bg5 g6 3. Bxf6 exf6 4. e3 Bg7 5. Nf3 O-O 6. Nbd2 d5 7. c4 c6 8.
cxd5 Qxd5 9. Bc4 Qa5 10. O-O Qb4 11. b3 Nd7 12. a3 Qe7 13. b4 Nb6 14. Bb3 Be6
15. Rc1 a5 16. Bxe6 fxe6 17. Qb3 axb4 18. axb4 Ra4 19. Rb1 Rfa8 20. b5 Ra3 21.
Qc2 Nd5 22. bxc6 Nb4 23. Qb2 Nxc6 24. Qxb7 R3a6 25. Qxe7 Nxe7 26. Rb7 Nd5 27.
Rfb1 h5 28. Rb8+ Rxb8 29. Rxb8+ Kh7 30. g3 g5 31. h3 Kg6 32. Kg2 Nc3 33. Rb3
Ne2 34. Ng1 Nxg1 35. Kxg1 Rc6 36. Rb1 f5 37. Nf3 Kf6 38. Ne5 Rc2 39. Kf1 f4 40.
Rb7 Kf5 41. g4+ hxg4 42. hxg4+ Ke4 43. Rxg7 fxe3 44. fxe3 Kxe3 45. Rxg5 Kxd4
46. Nf3+ Ke4 47. Ne1 Rh2 48. Rg8 e5 49. g5 Kf5 50. g6 Kf6 51. Nf3 Rh6 52. Nxe5
Kxe5 53. g7 Kf6 54. Rh8 Kxg7 55. Rxh6 Kxh6 1/2-1/2

[Event "4NCL/Div3/BRI3 vs. OXF3"]
[Site "Wokefield Park ENG"]
[Date "2010.05.01"]
[Round "9.5"]
[White "Taylor, John-Paul"]
[Black "Ouvrard, Raphael"]
[Result "1-0"]
[WhiteElo "1306"]
[BlackElo "1698"]
[PlyCount "78"]
[EventDate "2010.05.01"]
[SourceDate "2009.10.24"]

1. e4 c5 2. Nf3 d6 3. d4 cxd4 4. Nxd4 a6 5. Nc3 Nf6 6. Be2 g6 7. Be3 Bg7 8. Qd2
Nc6 9. O-O-O O-O 10. h4 Bd7 11. h5 Ng4 12. Bxg4 Bxg4 13. f3 Bd7 14. Nxc6 Bxc6
15. Bh6 b5 16. hxg6 fxg6 17. Bxg7 Kxg7 18. Qh6+ Kf7 19. Qxh7+ Ke8 20. Qxg6+ Kd7
21. e5 Kc8 22. exd6 Rf6 23. Qg4+ Bd7 24. dxe7 Qxe7 25. Rh8+ Rf8 26. Qxd7+ Qxd7
27. Rxf8+ Kc7 28. Rxd7+ Kxd7 29. Rxa8 Ke6 30. Rxa6+ Kf5 31. Nxb5 Kf4 32. Rd6
Kg3 33. a4 Kf2 34. a5 Kg3 35. a6 Kf2 36. a7 Kg3 37. a8=Q Kf2 38. Rd2+ Kg3 39.
Qg8+ Kh4 1-0

[Event "4NCL/Div3/BRI3 vs. OXF3"]
[Site "Wokefield Park ENG"]
[Date "2010.05.01"]
[Round "9.6"]
[White "Riley, Adrian K"]
[Black "Smith, Tom"]
[Result "0-1"]
[WhiteElo "1698"]
[BlackElo "1290"]
[PlyCount "80"]
[EventDate "2010.05.01"]
[SourceDate "2009.10.24"]

1. e4 c5 2. Nc3 d6 3. Nf3 Nc6 4. Be2 Nf6 5. d3 g6 6. h3 Bg7 7. Be3 b6 8. Qd2
O-O 9. Bh6 e5 10. Nd5 Nxd5 11. exd5 Nd4 12. Nxd4 exd4 13. c4 a5 14. Bxg7 Kxg7
15. O-O Bd7 16. a3 b5 17. b4 bxc4 18. dxc4 axb4 19. axb4 Qb6 20. b5 Rfe8 21.
Rfe1 Ra7 22. Qb2 Ra5 23. Kf1 Rea8 24. g4 f5 25. f3 Qd8 26. Kg2 Ra4 27. Rxa4
Rxa4 28. Ra1 Rxa1 29. Qxa1 Qe7 30. Bf1 fxg4 31. hxg4 h5 32. b6 hxg4 33. fxg4
Qe4+ 34. Kf2 Qe3+ 35. Kg2 Bxg4 36. Qa7+ Kh6 37. b7 Qf3+ 38. Kh2 Qf2+ 39. Bg2
Bf3 40. Kh3 Qxg2+ 0-1

[Event "4NCL/Div3/E2E43 vs. GUEM"]
[Site "Wokefield Park ENG"]
[Date "2010.05.01"]
[Round "9.1"]
[White "Jaszkiwskyj, Peter"]
[Black "Hamperl, Fred A"]
[Result "0-1"]
[WhiteElo "1973"]
[BlackElo "2070"]
[PlyCount "74"]
[EventDate "2010.05.01"]
[SourceDate "2009.10.24"]

1. d4 Nf6 2. c4 c5 3. d5 e6 4. Nc3 exd5 5. cxd5 d6 6. Nf3 g6 7. e4 Bg7 8. Bd3
a6 9. a4 Bg4 10. Qb3 Bxf3 11. gxf3 Qc7 12. Bf4 Nbd7 13. O-O Nh5 14. Bd2 O-O 15.
Rfe1 Rac8 16. Bf1 Ne5 17. Nd1 f5 18. f4 c4 19. Qh3 Bh6 20. exf5 Rxf5 21. fxe5
Bxd2 22. exd6 Qxd6 23. Ne3 Rg5+ 24. Ng2 Rf8 25. Qe6+ Qxe6 26. Rxe6 Nf4 27. Re7
Nh3+ 28. Kh1 Nxf2+ 29. Kg1 Nh3+ 30. Kh1 b5 31. axb5 axb5 32. d6 Bb4 33. Be2
Bxd6 34. Rd7 Bc5 35. Ra5 Nf4 36. Bf3 Nxg2 37. Bxg2 Rf1+ 0-1

[Event "4NCL/Div3/E2E43 vs. GUEM"]
[Site "Wokefield Park ENG"]
[Date "2010.05.01"]
[Round "9.2"]
[White "Jamieson, Ian M"]
[Black "Livesey, R Nigel"]
[Result "1-0"]
[WhiteElo "2016"]
[BlackElo "1893"]
[PlyCount "91"]
[EventDate "2010.05.01"]
[SourceDate "2009.10.24"]

1. f4 g6 2. Nf3 Bg7 3. g3 d5 4. Bg2 Nf6 5. O-O O-O 6. d3 c6 7. Na3 Qb6+ 8. Kh1
Ng4 9. Qe1 Ne3 10. Bxe3 Qxe3 11. Rb1 Na6 12. c4 Qc5 13. b4 Qd6 14. Rb3 Nc7 15.
Qb1 a6 16. c5 Qd8 17. Nc2 Bg4 18. a4 Bxf3 19. Bxf3 e5 20. fxe5 Bxe5 21. e4 dxe4
22. dxe4 Ne6 23. Bg4 Qe7 24. Bxe6 fxe6 25. Rbf3 Rxf3 26. Rxf3 Rf8 27. Ne1 Rxf3
28. Nxf3 Qf6 29. Kg2 Bd4 30. Qd3 e5 31. h4 Kg7 32. b5 axb5 33. axb5 h6 34. bxc6
bxc6 35. Nxd4 exd4 36. Qa6 Qe6 37. Qb7+ Kf6 38. Kf3 h5 39. Qb1 Qg4+ 40. Kf2 Ke5
41. Qb8+ Kxe4 42. Qd6 Qf3+ 43. Kg1 Ke3 44. Qe6+ Qe4 45. Qa2 d3 46. Qf2# 1-0

[Event "4NCL/Div3/E2E43 vs. GUEM"]
[Site "Wokefield Park ENG"]
[Date "2010.05.01"]
[Round "9.3"]
[White "Booley, Graham M"]
[Black "Mooney, Graham"]
[Result "1/2-1/2"]
[WhiteElo "1906"]
[BlackElo "1986"]
[PlyCount "50"]
[EventDate "2010.05.01"]
[SourceDate "2009.10.24"]

1. e4 c5 2. Nc3 d6 3. g3 Nc6 4. Bg2 g6 5. d3 Bg7 6. Nge2 Bd7 7. O-O Nf6 8. h3
O-O 9. Be3 Rb8 10. Qd2 b5 11. Bh6 b4 12. Nd5 e6 13. Bxg7 Kxg7 14. Ne3 Ne7 15.
f4 Bc6 16. e5 Nfg8 17. Bxc6 Nxc6 18. exd6 Qxd6 19. Nc4 Qd5 20. Kh2 Rfd8 21. Qe3
Nge7 22. Rad1 h5 23. Ng1 Nf5 24. Qe4 h4 25. Ne2 hxg3+ 1/2-1/2

[Event "4NCL/Div3/E2E43 vs. GUEM"]
[Site "Wokefield Park ENG"]
[Date "2010.05.01"]
[Round "9.4"]
[White "Brookfield, Toby N"]
[Black "Jackson, Paul G"]
[Result "0-1"]
[WhiteElo "1796"]
[BlackElo "1861"]
[PlyCount "25"]
[EventDate "2010.05.01"]
[SourceDate "2009.10.24"]

1. f4 f5 2. e4 fxe4 3. d3 exd3 4. Bxd3 Nf6 5. Nc3 d6 6. Be3 Nc6 7. Qd2 e6 8.
O-O-O Bd7 9. Nf3 Qe7 10. Nb5 Kd8 11. Rhe1 g6 12. Nfd4 Nxd4 13. Bxd4 {
scoresheets illegible} 0-1

[Event "4NCL/Div3/E2E43 vs. GUEM"]
[Site "Wokefield Park ENG"]
[Date "2010.05.01"]
[Round "9.5"]
[White "Turvey, Steven S"]
[Black "Kumar, Shankar"]
[Result "1-0"]
[WhiteElo "1856"]
[BlackElo "1805"]
[PlyCount "57"]
[EventDate "2010.05.01"]
[SourceDate "2009.10.24"]

1. d4 Nf6 2. Nf3 g6 3. c4 Bg7 4. Nc3 O-O 5. e4 d6 6. h3 e5 7. d5 Nbd7 8. Be3 b6
9. Be2 Nc5 10. Qc2 a5 11. O-O Ne8 12. Bxc5 bxc5 13. Nd2 f5 14. exf5 Bxf5 15.
Nce4 Qh4 16. Bd3 Bh6 17. Nf3 Qf4 18. Nfd2 Bxe4 19. Nxe4 Ng7 20. Qd1 Nf5 21. g3
Nxg3 22. Nxg3 Qh4 23. Qg4 Qxg4 24. hxg4 Rf6 25. Kg2 Raf8 26. f3 Be3 27. Be4 Rf4
28. Rab1 R8f7 29. a3 {scoresheets illegible} 1-0

[Event "4NCL/Div3/E2E43 vs. GUEM"]
[Site "Wokefield Park ENG"]
[Date "2010.05.01"]
[Round "9.6"]
[White "Smith, David"]
[Black "Dean, Michael"]
[Result "1-0"]
[WhiteElo "1532"]
[BlackElo "1691"]
[PlyCount "97"]
[EventDate "2010.05.01"]
[SourceDate "2009.10.24"]

1. d4 Nf6 2. Nf3 g6 3. c4 Bg7 4. Nc3 O-O 5. e4 d6 6. h3 e5 7. d5 Nbd7 8. Be3 b6
9. Be2 Nc5 10. Qc2 a5 11. O-O Ne8 12. Bxc5 bxc5 13. Nd2 f5 14. exf5 Bxf5 15.
Nce4 Qh4 16. Bd3 Bh6 17. Nf3 Qf4 18. Nfd2 Bxe4 19. Nxe4 Ng7 20. Qd1 Nf5 21. g3
Nxg3 22. Nxg3 Qh4 23. Qg4 Qxg4 24. hxg4 Rf6 25. Kg2 Raf8 26. f3 Be3 27. Be4 Rf4
28. Rab1 R8f7 29. a3 Rg7 30. Rfe1 Bd4 31. Rh1 Be3 32. b4 cxb4 33. axb4 axb4 34.
Rxb4 Rf8 35. Rhb1 Bb6 36. Ne2 h5 37. Kg3 hxg4 38. Kxg4 Rf6 39. Ra4 Kf7 40. Ng1
Be3 41. Nh3 Bb6 42. Ra8 Ke7 43. Rb8 g5 44. Rb7 Kd8 45. R1xb6 Rf4+ 46. Kg3 g4
47. Nxf4 exf4+ 48. Kxf4 g3 49. Rb1 1-0

[Event "4NCL/Div3/GUI4 vs. SCS"]
[Site "Wokefield Park ENG"]
[Date "2010.05.01"]
[Round "9.1"]
[White "Sathiraju, Vijay"]
[Black "Baptie, Justin P"]
[Result "1/2-1/2"]
[WhiteElo "1740"]
[BlackElo "2095"]
[PlyCount "132"]
[EventDate "2010.05.01"]
[SourceDate "2009.10.24"]

1. c4 b6 2. Nf3 Bb7 3. Nc3 Nf6 4. g3 e6 5. Bg2 Be7 6. O-O O-O 7. Qc2 d6 8. b4
c5 9. bxc5 dxc5 10. Rb1 Nc6 11. a3 Qd7 12. Qa4 Rfd8 13. d3 h6 14. Bb2 Ne8 15.
Rfe1 Nd6 16. e4 Bf8 17. Ne2 Nc8 18. Rbd1 N8e7 19. Nf4 Nd4 20. Qxd7 Nxf3+ 21.
Bxf3 Rxd7 22. Kg2 Rad8 23. Re3 g6 24. e5 Nf5 25. Ree1 Bxf3+ 26. Kxf3 g5 27. g4
Nh4+ 28. Kg3 Be7 29. Ng2 Rxd3+ 30. Rxd3 Rxd3+ 31. Re3 Rxe3+ 32. Nxe3 Ng6 33.
Kf3 Nf4 34. Ke4 Kg7 35. Nf1 Kg6 36. h4 f5+ 37. exf6 Bxf6 38. h5+ Kf7 39. Bc1
Ne2 40. Bd2 Nd4 41. Ne3 Nb3 42. Be1 Ke7 43. f3 Kd7 44. a4 a6 45. Nc2 Kc6 46.
Kd3 b5 47. cxb5+ axb5 48. axb5+ Kxb5 49. Na3+ Kc6 50. Ke4 Nc1 51. Nc4 Ne2 52.
Ne5+ Kb5 53. Nf7 Bg7 54. Nd6+ Ka4 55. Ne8 Bb2 56. Nc7 Nf4 57. Bd2 Ng2 58. Nxe6
c4 59. Nc5+ Kb5 60. Ne6 c3 61. Nd4+ Kc4 62. Be3 Nxe3 63. Kxe3 Bc1+ 64. Ke4 Bf4
65. Nc2 Kb3 66. Kd3 Kb2 1/2-1/2

[Event "4NCL/Div3/GUI4 vs. SCS"]
[Site "Wokefield Park ENG"]
[Date "2010.05.01"]
[Round "9.2"]
[White "Bogoda, Sagara T"]
[Black "Galer, Sebastian E"]
[Result "1-0"]
[WhiteElo "1874"]
[BlackElo "1730"]
[PlyCount "113"]
[EventDate "2010.05.01"]
[SourceDate "2009.10.24"]

1. d4 d5 2. c4 e6 3. Nc3 Nf6 4. e3 Nbd7 5. Bd3 b6 6. Nf3 Bb7 7. Qc2 Bd6 8. b3
O-O 9. Bb2 Rc8 10. O-O c5 11. Qe2 Ne4 12. Bxe4 dxe4 13. Nd2 f5 14. f3 cxd4 15.
exd4 Qh4 16. g3 Qh5 17. fxe4 Qxe2 18. Nxe2 fxe4 19. Nc3 Nf6 20. Rae1 e5 21.
Ncxe4 Nxe4 22. Rxf8+ Rxf8 23. Nxe4 Bb4 24. Re2 exd4 25. Bxd4 Re8 26. Nf6+ gxf6
27. Rxe8+ Kf7 28. Re2 f5 29. Kf2 Be4 30. Rxe4 fxe4 31. Ke3 Ke6 32. Kxe4 Bd6 33.
Be3 Bf8 34. g4 Bd6 35. Bf4 Bf8 36. Bb8 a6 37. a4 a5 38. h3 Bb4 39. Be5 Be7 40.
Bd4 Bd8 41. c5 bxc5 42. Bxc5 Kd7 43. Kd5 Kc7 44. Bf2 Kb7 45. h4 Ka6 46. h5 Bg5
47. Bd4 Bd2 48. Ke6 Kb7 49. Kf7 Kc6 50. Kg7 Kd5 51. Bf6 h6 52. Kg6 Kc5 53. Bg7
Kb4 54. Bxh6 Bc3 55. Bg7 Bd2 56. g5 Kxb3 57. h6 1-0

[Event "4NCL/Div3/GUI4 vs. SCS"]
[Site "Wokefield Park ENG"]
[Date "2010.05.01"]
[Round "9.3"]
[White "Yiamakis, Albert"]
[Black "Clarke, Sean A"]
[Result "1-0"]
[WhiteElo "1650"]
[BlackElo "1786"]
[PlyCount "61"]
[EventDate "2010.05.01"]
[SourceDate "2009.10.24"]

1. e4 c5 2. Nf3 Nc6 3. d4 cxd4 4. Nxd4 g6 5. Be3 Bg7 6. Nc3 d6 7. Qd2 Nf6 8. f3
Bd7 9. Bc4 a6 10. Bb3 O-O 11. O-O-O Rb8 12. g4 Na5 13. Bh6 Nxb3+ 14. Nxb3 Bc6
15. Bxg7 Kxg7 16. h4 h5 17. gxh5 Nxh5 18. Nd4 Rh8 19. Nce2 Qc7 20. Nf4 Nxf4 21.
Qxf4 e5 22. Nf5+ gxf5 23. Qg5+ Kf8 24. Qf6 Rg8 25. Rxd6 Rg6 26. Qh8+ Rg8 27.
Qh6+ Ke8 28. Rhd1 Rc8 29. Qh7 Rf8 30. Qxf5 Qe7 31. Qxc8+ 1-0

[Event "4NCL/Div3/GUI4 vs. SCS"]
[Site "Wokefield Park ENG"]
[Date "2010.05.01"]
[Round "9.4"]
[White "Bogoda, Nathasha O"]
[Black "Driver, Nicholas"]
[Result "1/2-1/2"]
[WhiteElo "1658"]
[BlackElo "1722"]
[PlyCount "32"]
[EventDate "2010.05.01"]
[SourceDate "2009.10.24"]

1. d4 Nf6 2. c4 e6 3. Nc3 d5 4. Nf3 c6 5. e3 Nbd7 6. Bd3 Be7 7. O-O O-O 8. Qc2
h6 9. b3 Re8 10. Bb2 b6 11. e4 dxe4 12. Nxe4 Bb7 13. Rad1 Rc8 14. Ng3 Qc7 15.
Rfe1 Bf8 16. Ne4 Be7 1/2-1/2

[Event "4NCL/Div3/HAL vs. AMCAC"]
[Site "Wokefield Park ENG"]
[Date "2010.05.01"]
[Round "9.1"]
[White "Pugh, Glyn D"]
[Black "Meechan, Catriona"]
[Result "1-0"]
[WhiteElo "1978"]
[BlackElo "1738"]
[PlyCount "47"]
[EventDate "2010.05.01"]
[SourceDate "2009.10.24"]

1. e4 g6 2. d4 Bg7 3. Nc3 a6 4. Be3 d6 5. Be2 Nd7 6. f4 c5 7. d5 b5 8. a3 Nh6
9. g4 f6 10. h4 f5 11. gxf5 gxf5 12. Bh5+ Kf8 13. Qd2 Nf6 14. Bf3 Nhg4 15. e5
Nxe3 16. exf6 Nc4 17. fxg7+ Kxg7 18. Qg2+ Kf7 19. Bh5+ Kf8 20. Nd1 Rg8 21. Qe2
Nb6 22. Ne3 e6 23. Bf3 Ra7 24. O-O-O 1-0

[Event "4NCL/Div3/HAL vs. AMCAC"]
[Site "Wokefield Park ENG"]
[Date "2010.05.01"]
[Round "9.2"]
[White "O'Neill, Tom C"]
[Black "Hope, Gary"]
[Result "0-1"]
[WhiteElo "1494"]
[BlackElo "1938"]
[PlyCount "62"]
[EventDate "2010.05.01"]
[SourceDate "2009.10.24"]

1. e4 e5 2. Nf3 Nc6 3. Bb5 a6 4. Ba4 Nf6 5. O-O Be7 6. Re1 b5 7. Bb3 O-O 8. c3
d5 9. exd5 Nxd5 10. Nxe5 Nxe5 11. Rxe5 c6 12. d4 Bd6 13. Re1 Qh4 14. g3 Qh3 15.
Qd3 Bg4 16. Qf1 Qh5 17. Bd1 Bxd1 18. Rxd1 Rae8 19. Re1 f5 20. f4 Rxe1 21. Qxe1
Re8 22. Qf1 Re2 23. h3 Ne3 24. Bxe3 Rxe3 25. Nd2 Rxg3+ 26. Kf2 Rxh3 27. Qe1
Rh2+ 28. Ke3 Rh3+ 29. Kf2 Qh4+ 30. Kg2 Rh2+ 31. Kf3 Qxf4# 0-1

[Event "4NCL/Div3/HAL vs. AMCAC"]
[Site "Wokefield Park ENG"]
[Date "2010.05.01"]
[Round "9.3"]
[White "Lee, Darren"]
[Black "Coates, Christine"]
[Result "1-0"]
[WhiteElo "1890"]
[BlackElo "1458"]
[PlyCount "63"]
[EventDate "2010.05.01"]
[SourceDate "2009.10.24"]

1. d4 d5 2. c4 c6 3. Nc3 dxc4 4. e4 b5 5. a4 a6 6. axb5 Bb7 7. bxc6 Nxc6 8. d5
Ne5 9. Nf3 Nd3+ 10. Bxd3 cxd3 11. Qxd3 e6 12. O-O Nf6 13. Bg5 Be7 14. Bxf6 Bxf6
15. e5 Be7 16. d6 Bxf3 17. Qxf3 Bg5 18. Qc6+ Kf8 19. Rxa6 g6 20. Rxa8 Qxa8 21.
Qxa8+ Kg7 22. Qxh8+ Kxh8 23. Ra1 f6 24. d7 fxe5 25. d8=Q+ Bxd8 26. Ra8 Kg7 27.
Rxd8 Kf6 28. b4 Kf5 29. b5 e4 30. b6 Kf4 31. b7 e5 32. Rf8+ 1-0

[Event "4NCL/Div3/HAL vs. AMCAC"]
[Site "Wokefield Park ENG"]
[Date "2010.05.01"]
[Round "9.4"]
[White "Dixit, Kumar"]
[Black "Doran, Michael J"]
[Result "0-1"]
[WhiteElo "1450"]
[BlackElo "1884"]
[PlyCount "42"]
[EventDate "2010.05.01"]
[SourceDate "2009.10.24"]

1. Nf3 Nf6 2. d4 e6 3. c4 Bb4+ 4. Nc3 b6 5. a3 Bxc3+ 6. bxc3 Ba6 7. Ne5 O-O 8.
Qb3 d6 9. Nf3 Qd7 10. Bf4 Nc6 11. e3 Na5 12. Qa2 Ne4 13. Bd3 f5 14. Bxe4 fxe4
15. Nd2 d5 16. cxd5 exd5 17. Nxe4 Bc4 18. Qc2 dxe4 19. Qxe4 Rae8 20. Qf3 Qf5
21. Bxc7 Qd3 0-1

[Event "4NCL/Div3/HAL vs. AMCAC"]
[Site "Wokefield Park ENG"]
[Date "2010.05.01"]
[Round "9.5"]
[White "Peck, Windsor WA"]
[Black "Mitchell, Florence EA"]
[Result "1-0"]
[WhiteElo "1856"]
[BlackElo "1418"]
[PlyCount "96"]
[EventDate "2010.05.01"]
[SourceDate "2009.10.24"]

1. d4 d5 2. Nf3 Nc6 3. e3 Bg4 4. c4 e6 5. Qb3 Bb4+ 6. Nc3 Nge7 7. c5 Bf5 8. Bb5
a6 9. Qxb4 axb5 10. Qxb5 Ra5 11. Qb3 O-O 12. Bd2 Ra8 13. Ne2 f6 14. Ng3 Bg6 15.
h4 Bf7 16. Qd1 e5 17. b4 e4 18. Nh2 f5 19. Bc3 Qd7 20. a4 Rfb8 21. Nh5 Nd8 22.
Nf4 b5 23. a5 Ra6 24. g4 Rba8 25. g5 g6 26. Nf1 Kg7 27. Ng3 Ne6 28. Nge2 c6 29.
Nxe6+ Qxe6 30. Nf4 Qd7 31. Qe2 Rh8 32. O-O-O Be8 33. h5 Bf7 34. Rdg1 Qe8 35.
Qd1 Rg8 36. hxg6 Nxg6 37. Nh5+ Kf8 38. Nf6 Qd8 39. Nxh7+ Kg7 40. Qh5 Rh8 41.
Qh6+ Kg8 42. Nf6+ Qxf6 43. gxf6 Rxh6 44. Rxh6 Kf8 45. Rgxg6 Bxg6 46. Rxg6 Kf7
47. Rg7+ Kxf6 48. Rb7 Kg6 1-0

[Event "4NCL/Div3/HAL vs. AMCAC"]
[Site "Wokefield Park ENG"]
[Date "2010.05.01"]
[Round "9.6"]
[White "Hemmings, David"]
[Black "Asbury, Jon A"]
[Result "0-1"]
[WhiteElo "1370"]
[BlackElo "1786"]
[PlyCount "72"]
[EventDate "2010.05.01"]
[SourceDate "2009.10.24"]

1. e4 e6 2. d4 d5 3. Nc3 Bb4 4. e5 c5 5. Nge2 Nc6 6. a3 Bxc3+ 7. bxc3 Qa5 8.
Bd2 Qa4 9. dxc5 Nxe5 10. Nd4 Bd7 11. Be2 Ne7 12. O-O O-O 13. f4 Nc4 14. Bxc4
Qxc4 15. Nb3 a5 16. Be1 a4 17. Nd4 Qxc5 18. Qd2 Rfc8 19. Qf2 Bb5 20. Nxb5 Qxb5
21. Bd2 Qc5 22. Qxc5 Rxc5 23. Rab1 b5 24. Rf3 Nf5 25. Rb4 Rac8 26. g4 Nd6 27.
Kg2 Ne4 28. Be1 Nxc3 29. Bxc3 Rxc3 30. Rxc3 Rxc3 31. Rxb5 Rxc2+ 32. Kg3 Rc3+
33. Kh4 g6 34. Kg5 Kg7 35. f5 h6+ 36. Kf4 Kf6 0-1

[Event "4NCL/Div3/WWKS2 vs. SBS"]
[Site "Wokefield Park ENG"]
[Date "2010.05.02"]
[Round "10.1"]
[White "Galloway, Iain A"]
[Black "Varnam, Liam D"]
[Result "1/2-1/2"]
[WhiteElo "2102"]
[BlackElo "2148"]
[PlyCount "41"]
[EventDate "2010.05.02"]
[SourceDate "2009.10.24"]

1. e4 e5 2. Nf3 Nc6 3. Nc3 Nf6 4. d4 exd4 5. Nxd4 Bb4 6. Nxc6 bxc6 7. Bd3 d5 8.
exd5 cxd5 9. O-O O-O 10. Bg5 c6 11. Qf3 Bd6 12. Rae1 Rb8 13. Nd1 Be6 14. c3 Bc7
15. Bh4 Qd6 16. Bg3 Qd7 17. h3 Rfe8 18. b3 Bxg3 19. Qxg3 d4 20. Bb1 c5 21. Nb2
1/2-1/2

[Event "4NCL/Div3/WWKS2 vs. SBS"]
[Site "Wokefield Park ENG"]
[Date "2010.05.02"]
[Round "10.2"]
[White "Foster, James J"]
[Black "Fishburne, Stewart K"]
[Result "1/2-1/2"]
[WhiteElo "2089"]
[BlackElo "2106"]
[PlyCount "25"]
[EventDate "2010.05.02"]
[SourceDate "2009.10.24"]

1. c4 g6 2. Nc3 Bg7 3. e4 d6 4. g3 e5 5. Bg2 Nc6 6. Nge2 Nge7 7. O-O O-O 8. d3
f5 9. f4 Be6 10. h3 Qd7 11. Kh2 Rab8 12. a3 a6 13. Rb1 1/2-1/2

[Event "4NCL/Div3/WWKS2 vs. SBS"]
[Site "Wokefield Park ENG"]
[Date "2010.05.02"]
[Round "10.3"]
[White "Ingram, Keith R"]
[Black "Cairns, Stephen"]
[Result "0-1"]
[WhiteElo "2114"]
[BlackElo "2098"]
[PlyCount "66"]
[EventDate "2010.05.02"]
[SourceDate "2009.10.24"]

1. e4 c5 2. Nf3 Nc6 3. d4 cxd4 4. Nxd4 e5 5. Nb5 a6 6. Nd6+ Bxd6 7. Qxd6 Qf6 8.
Qd1 Qg6 9. Nc3 d5 10. Nxd5 Qxe4+ 11. Ne3 Nf6 12. Bd3 Qb4+ 13. c3 Qe7 14. Nf5
Bxf5 15. Bxf5 e4 16. O-O O-O 17. Be3 Qe5 18. Bh3 Nd5 19. Re1 Rad8 20. Qb3 Na5
21. Qa4 Nxe3 22. Rxe3 f5 23. Rae1 Qd5 24. b3 Nc6 25. f4 Qc5 26. b4 Qb6 27. Qb3+
Kh8 28. Qc2 Ne7 29. Qf2 Nd5 30. R3e2 Qh6 31. Rd1 Nxf4 32. Rxd8 Nxe2+ 33. Qxe2
Rxd8 0-1

[Event "4NCL/Div3/WWKS2 vs. SBS"]
[Site "Wokefield Park ENG"]
[Date "2010.05.02"]
[Round "10.5"]
[White "Stepanyan, Henrik"]
[Black "Makepeace, Philip J"]
[Result "1-0"]
[WhiteElo "2002"]
[BlackElo "2042"]
[PlyCount "55"]
[EventDate "2010.05.02"]
[SourceDate "2009.10.24"]

1. c4 d6 2. d4 g6 3. Nc3 Bg7 4. e4 f5 5. exf5 Bxf5 6. Nf3 Nc6 7. Be3 Qd7 8. Bd3
Bg4 9. Be2 Nh6 10. Ng5 Bxe2 11. Nxe2 Nf5 12. d5 Nxe3 13. fxe3 Ne5 14. Ne6 Bh6
15. Qd4 c6 16. Rc1 Rc8 17. O-O b5 18. b3 c5 19. Qh4 Bxe3+ 20. Kh1 h5 21. Ng3
Qb7 22. Rce1 Bh6 23. Nxh5 g5 24. Qf2 g4 25. Rxe5 dxe5 26. Qf7+ Kd7 27. Nf6+ Kd6
28. Ne4+ 1-0

[Event "4NCL/Div3/WWKS2 vs. SBS"]
[Site "Wokefield Park ENG"]
[Date "2010.05.02"]
[Round "10.6"]
[White "McCullough, Simon L"]
[Black "Goodwin, Ed H"]
[Result "1-0"]
[WhiteElo "1986"]
[BlackElo "1898"]
[PlyCount "75"]
[EventDate "2010.05.02"]
[SourceDate "2009.10.24"]

1. e4 e6 2. b3 d5 3. Bb2 dxe4 4. Nc3 Nf6 5. Qe2 Nc6 6. Nxe4 Be7 7. O-O-O b6 8.
Nf3 Bb7 9. d4 O-O 10. Nxf6+ Bxf6 11. Qe4 Qd5 12. Qg4 Qf5 13. Qxf5 exf5 14. d5
Bxb2+ 15. Kxb2 Ne7 16. c4 Nc8 17. Bd3 Nd6 18. Rhe1 Rfe8 19. Kc3 g6 20. Kd4 Kg7
21. b4 Rad8 22. Rxe8 Nxe8 23. Re1 Kf6 24. b5 Nd6 25. a4 a5 26. Ne5 Ne8 27. Nd7+
Rxd7 28. Rxe8 c6 29. bxc6 Bxc6 30. Rb8 Bb7 31. Be2 Kg5 32. Bf3 Kf4 33. Rxb7
Rxb7 34. d6 Ra7 35. Kd5 g5 36. Kc6 g4 37. Bd5 Ke5 38. d7 1-0

[Event "4NCL/Div3/KJCAK vs. CAMB2"]
[Site "Wokefield Park ENG"]
[Date "2010.05.02"]
[Round "10.1"]
[White "Jones, William EG"]
[Black "Quist, Sven Roy"]
[Result "0-1"]
[WhiteElo "2097"]
[BlackElo "2143"]
[PlyCount "70"]
[EventDate "2010.05.02"]
[SourceDate "2009.10.24"]

1. e4 c5 2. Nf3 Nc6 3. d4 cxd4 4. Nxd4 Nf6 5. Nc3 d6 6. Bg5 e6 7. Qd2 a6 8.
O-O-O h6 9. Bxf6 Qxf6 10. Nb3 Be7 11. f4 b5 12. Kb1 g5 13. f5 Ne5 14. Bd3 b4
15. Na4 Rb8 16. Qe3 Bd7 17. Nb6 Nxd3 18. Rxd3 Bb5 19. c4 bxc3 20. Rxc3 O-O 21.
a4 Bd8 22. axb5 Bxb6 23. Qd3 axb5 24. Rf1 Qe5 25. Rc6 Bc5 26. f6 Rfc8 27. Nxc5
dxc5 28. Rd6 c4 29. Qd4 Qxh2 30. Rd7 b4 31. Rxf7 Kxf7 32. Qd7+ Kg6 33. Qxe6
Qxg2 34. f7+ Kh5 35. Rf3 Qxf3 0-1

[Event "4NCL/Div3/KJCAK vs. CAMB2"]
[Site "Wokefield Park ENG"]
[Date "2010.05.02"]
[Round "10.2"]
[White "Spencer, Carl J"]
[Black "Jones, Victor GL"]
[Result "1-0"]
[WhiteElo "2136"]
[BlackElo "2073"]
[PlyCount "89"]
[EventDate "2010.05.02"]
[SourceDate "2009.10.24"]

1. e4 e6 2. d4 d5 3. Nd2 Nc6 4. Bb5 Nf6 5. e5 Nd7 6. c3 f6 7. f4 g6 8. Ndf3 Bg7
9. h4 h6 10. Qc2 Nf8 11. h5 g5 12. Bd3 Qe7 13. exf6 Bxf6 14. Bg6+ Kd8 15. Ne5
Nxe5 16. fxe5 Bg7 17. Bd3 c5 18. Be3 c4 19. Be2 Bd7 20. Nf3 Bc6 21. g4 Nd7 22.
O-O Kc7 23. a4 Raf8 24. b4 cxb3 25. Qxb3 Nb6 26. Nd2 Rxf1+ 27. Bxf1 Rf8 28. Bb5
Qf7 29. Bxc6 bxc6 30. a5 Nd7 31. Qa3 c5 32. a6 Rb8 33. Rf1 Qe7 34. Nb3 Kd8 35.
Na5 Kc7 36. Nb7 Bf8 37. Qa5+ Kc6 38. Qa4+ Kc7 39. Qa5+ Kc6 40. Qa4+ Kc7 41. Nd6
c4 42. Rf7 Qd8 43. Nb5+ Kb6 44. Nxa7 Be7 45. Nc6 1-0

[Event "4NCL/Div3/KJCAK vs. CAMB2"]
[Site "Wokefield Park ENG"]
[Date "2010.05.02"]
[Round "10.3"]
[White "Bayliss, Lyall CP"]
[Black "Tyomkin, Mikhail"]
[Result "0-1"]
[WhiteElo "1960"]
[BlackElo "2111"]
[PlyCount "59"]
[EventDate "2010.05.02"]
[SourceDate "2009.10.24"]

1. e4 g6 2. d4 Bg7 3. Nf3 d6 4. Bc4 e6 5. Bg5 Ne7 6. c3 h6 7. Be3 d5 8. Bd3
dxe4 9. Bxe4 O-O 10. O-O Nd7 11. Nbd2 f5 12. Bd3 f4 13. Bxf4 Rxf4 14. g3 Rf8
15. Qb3 Nc5 16. Qc2 Nxd3 17. Qxd3 Kh7 18. h4 e5 19. h5 Bf5 20. hxg6+ Nxg6 21.
Qb5 e4 22. Nh2 e3 23. fxe3 Qg5 24. Rae1 Qxg3+ 25. Kh1 Bh3 26. Rg1 Bg2+ 27. Rxg2
Qxe1+ 28. Ndf1 Rf6 29. Qxb7 Raf8 30. Qxc7 0-1

[Event "4NCL/Div3/KJCAK vs. CAMB2"]
[Site "Wokefield Park ENG"]
[Date "2010.05.02"]
[Round "10.4"]
[White "Churm, Rohan M"]
[Black "Lunn, Matthew"]
[Result "1/2-1/2"]
[WhiteElo "2167"]
[BlackElo "1905"]
[PlyCount "72"]
[EventDate "2010.05.02"]
[SourceDate "2009.10.24"]

1. e4 c5 2. Nc3 Nc6 3. g3 g6 4. Bg2 Bg7 5. d3 d6 6. Be3 Nf6 7. h3 e5 8. f4 Nd4
9. Nce2 O-O 10. c3 Nxe2 11. Nxe2 Qa5 12. O-O Rd8 13. g4 Rb8 14. Qd2 Bd7 15. a3
Bc6 16. b4 Qc7 17. Rf2 Rd7 18. Raf1 Ne8 19. c4 b5 20. f5 bxc4 21. dxc4 cxb4 22.
axb4 Qb7 23. Nc3 Qxb4 {=} 24. Rb1 Qxb1+ 25. Nxb1 Rxb1+ 26. Kh2 Bf6 27. fxg6
hxg6 28. Qa2 Rb4 29. Qa6 Bb7 30. Qxa7 Rxc4 31. Rb2 Rcc7 32. Qa2 d5 33. exd5 e4
34. Rf2 Bxd5 35. Qa6 Bb7 36. Qb5 Re7 1/2-1/2